Sudden Death - Gorillaz Songs - Statistics

General Stats
  • This quiz has been taken 115 times
    23 since last reset
  • The average score is 21 of 25
Answers on the Grid
Answers color-coded by a green-red scale on the quiz's grid according to % correct below.
19-2000
3's & 7's
5/4
Andromeda
Beetlebum
Boderline
Can't Stop
Clint Eastwood
Cracker Island
DARE
Dirty Harry
Double Bass
Electric Feel
Elephant
Empire Ants
Feel Good Inc.
Go With The Flow
Golden Skans
Helicopter
Here Comes Your Man
Here It Goes Again
Juicebox
Kids
Kids with Guns
Last Nite
Let It Happen
Lets Go Surfing
Little Dark Age
M1 A1
Make It Wit Chu
Momentary Bliss
My Number
New Genius
New Gold
No You Girls
November Has Come
O Green World
On Melancholy Hill
Plastic Beach
Plug in Baby
Punk
Re-Hash
Reptilia
Resonance
Rhinestone Eyes
Silent Running
Starshine
Take Me Out
The Hardest Button to Button
The Suburbs
Tomorrow Comes Today
What You Know
Young Folks
 
Answer Stats
Answer % Correct
19-2000
100%
Clint Eastwood
100%
Cracker Island
100%
DARE
100%
Dirty Harry
100%
Empire Ants
100%
5/4
92%
Andromeda
92%
Feel Good Inc.
92%
Kids with Guns
92%
New Gold
83%
November Has Come
83%
On Melancholy Hill
83%
Plastic Beach
83%
Rhinestone Eyes
83%
Tomorrow Comes Today
83%
Double Bass
75%
M1 A1
75%
Momentary Bliss
75%
O Green World
75%
Re-Hash
75%
Silent Running
75%
Punk
67%
Starshine
67%
New Genius
58%
No matching quizzes found
Score Distribution
Percent of People with Each Score
Percentile by Number Answered
Your Score History
You have not taken this quiz since the last reset